Statistics for Automive Colors to Basic Colors Quiz

Click here to take the quiz!

General Stats

  • This quiz has been taken 34 times
  • The average score is 9 of 15

Answer Stats

Automotive ColorGeneral Color% Correct
Rosso Mondiale (Maserati)Red
100%
Kingfisher (Bentley)Blue
90%
Last Stand Custard (Ford)Yellow
83%
Eclipse (Fisker)Black
73%
Vert Muscinee (Citroën)Green
73%
Vitiman C (Hyundai)Orange
73%
Parian Marble (Rolls-Royce)White
63%
Gun Metallic (Nissan/NISMO)Grey
63%
Liquid Platinum (Infiniti)Silver
57%
Umber Metallic (Porsche)Brown
53%
Amethyst (Holden)Purple
43%
Rosa Diva Metallizzato (Fiat)Pink
40%
Grigio Ingrid (Ferrari)Gold
23%
Celeste Phoebe (Lamorghini)Baby Blue
20%
Reflex Charcoal (TVR)Chameleon/Pearlescent
7%

Score Distribution

Percentile by Number Answered

Percent of People with Each Score

Your Score History

You have not taken this quiz